000 00757nam a2200181 4500
001 135874
003 ES-MaACL
005 20230906194958.0
007 t|
008 070214m19481951sp r ||||1| spa d
100 1 _aRuiz Castro, Aurelio.
_9100707
245 1 0 _aFauna entomológica del olivo en España
_b: estudio sistemático-biológico /
_cpor Aurelio Ruiz Castro.
260 _aMadrid :
_bInstituto Español de Entomología,
_c1948-1951.
300 _a2 v., 9 lám. ;
_c24 cm.
500 _aPrecede al tít.: Consejo Superior de Investigaciones Científicas... Instituto español de Entomología.
710 2 _aConsejo Superior de Investigaciones Científicas (España).
_bInstituto Español de Entomología.
_93240
852 _aES-MaACL
_jC-6383-84
999 _c135874
_d135874